000 01412nam a2200301 i 4500
001 163630
003 ES-MaACL
005 20250805062427.0
008 990310s1839 sp cf |||| |dspa d
080 _a929 Carlos (460) I
080 _a94(460)"1516/56"
080 _a930.85(4))"04/14"
100 1 _aRobertson, William (
_d1721-1793)
_9164575
245 1 0 _aHistoria del reinado del emperador Carlos Quinto
_b: precedida de una descripción de los progresos de la sociedad en Europa, desde la ruina del Imperio Romano hasta principios del siglo XVI /
_cpor W. Robertson ; nueva traducción hecha con todo esmero y exactitud por José María Gutiérrez de la Peña.
250 _aEd. adornada con láminas.
260 _aBarcelona :
_bLibrería de J. Oliveres y Gavarró,
_c1839.
300 _a2 v. ;
_c22 cm.
500 _a4 t. en 2 v.
510 4 _aPalau,
_c270975
597 _aT. I (334 p., [1] h. de lám.) - T. II (318 p., [1] h. de lám.) - T. III (325 p., [1] h. de lám.) - T. IV (394 p., [1] h. de lám.)
599 _aRetrato de Carlos V en el t. I.
600 0 4 _aCarlos
_bI,
_cRey de España
_935296
651 4 _aEspaña-
_xHistoria-
_y1516-1556, Carlos I.
_98224
651 4 _aEuropa-
_xSituación social-
_yS.V-XV.
_98636
700 1 _aPatxot y Ferrer, Fernando (
_d1812-1859)
_9158661
852 _aES-MaACL
_jE-13105-06
_z- Enc. pasta española
999 _c163630
_d163630